[Event "Plettenberg- Ennepe"]
[Site "?"]
[Date "2023.03.12"]
[Round "6.3"]
[White "Heller, Achim"]
[Black "Wichmann, Frank"]
[Result "1-0"]
[WhiteElo "2033"]
[BlackElo "1827"]
[PlyCount "63"]
[SourceVersionDate "2023.06.22"]

1. d4 Nf6 2. c4 g6 3. Nc3 Bg7 4. e4 d6 5. Nge2 Nbd7 6. Ng3 e5 7. d5 a5 8. Be2
O-O 9. h4 h6 10. h5 g5 11. Be3 Nc5 12. f3 Bd7 13. Nf1 Ne8 14. g4 f6 15. Nd2 Rf7
16. O-O Bf8 17. Qc2 c6 18. b3 Nc7 19. a3 N5a6 20. Bb6 Nb8 21. b4 axb4 22. axb4
Qc8 23. Rfc1 Ra6 24. Bf2 Rxa1 25. Rxa1 Nba6 26. Qb3 cxd5 27. cxd5 Qe8 28. Ra5
Be7 29. b5 Nc5 30. Bxc5 dxc5 31. b6 Na8 32. d6 1-0

[Event "Plettenberg- Ennepe"]
[Site "?"]
[Date "2023.03.12"]
[Round "6.4"]
[White "Kuhnen, Thomas"]
[Black "Bruchmann, Norbert"]
[Result "1-0"]
[WhiteElo "2069"]
[BlackElo "2018"]
[PlyCount "93"]
[SourceVersionDate "2023.06.22"]

1. e4 e6 2. Nc3 d5 3. d4 Bb4 4. e5 c5 5. a3 Bxc3+ 6. bxc3 Ne7 7. Qg4 Qc7 8.
Qxg7 Rg8 9. Qxh7 cxd4 10. Ne2 Nbc6 11. Bf4 dxc3 12. Qd3 Nxe5 13. Qxc3 Qxc3+ 14.
Nxc3 N7c6 15. f3 Ke7 16. Rb1 b6 17. Kf2 Bb7 18. Re1 f6 19. g4 Rac8 20. Ne2 Kf7
21. h4 Nc4 22. Bc1 e5 23. Ng3 Nd6 24. Bd3 Nd4 25. g5 Nxf3 26. Kxf3 e4+ 27. Kf2
exd3 28. cxd3 Ba6 29. Bf4 Nb7 30. Nf5 Rc2+ 31. Kg3 Re8 32. g6+ Kxg6 33. Rxe8
Kxf5 34. h5 Bxd3 35. h6 Be4 36. Rxe4 dxe4 37. h7 Rc3+ 38. Be3 Rc8 39. h8=Q Rxh8
40. Rxh8 Nd6 41. Ra8 Nc4 42. Kf2 Nxa3 43. Bxb6 Nc4 44. Bxa7 Ke5 45. Rc8 Nb2 46.
Ke3 Nd3 47. Re8+ 1-0

[Event "Plettenberg- Ennepe"]
[Site "?"]
[Date "2023.03.12"]
[Round "6.5"]
[White "Hess, Olena"]
[Black "Hermaneck, Helmut"]
[Result "1-0"]
[WhiteElo "2055"]
[BlackElo "2116"]
[PlyCount "59"]
[SourceVersionDate "2023.06.22"]

1. Nf3 c5 2. c4 Nc6 3. d4 cxd4 4. Nxd4 Nf6 5. Nc3 g6 6. e4 d6 7. Be2 Bg7 8. Be3
Bd7 9. Nc2 a6 10. f3 Rc8 11. Qd2 Qa5 12. Rc1 Ne5 13. b4 Qc7 14. Na3 Be6 15. O-O
O-O 16. Rfd1 Qb8 17. Nd5 Bxd5 18. exd5 Rfd8 19. Bb6 Re8 20. Bf1 Ned7 21. Be3
Rf8 22. c5 dxc5 23. bxc5 Rfd8 24. Qb4 Ne5 25. Qb3 Ned7 26. c6 bxc6 27. dxc6
Qxb3 28. axb3 Ne5 29. Rxd8+ Rxd8 30. c7 1-0

[Event "Plettenberg- Ennepe"]
[Site "?"]
[Date "2023.03.12"]
[Round "6.6"]
[White "Kraemer, Roland"]
[Black "Schaefer, Martin"]
[Result "0-1"]
[WhiteElo "2022"]
[BlackElo "1921"]
[PlyCount "73"]
[SourceVersionDate "2023.06.22"]

1. Nf3 f5 2. g3 Nf6 3. Bg2 d6 4. d4 g6 5. O-O Bg7 6. c4 O-O 7. Nc3 c6 8. Bf4 h6
9. d5 g5 10. Bc1 e5 11. dxe6 Bxe6 12. Nd4 Qd7 13. Nxe6 Qxe6 14. Qb3 Rf7 15. e3
Na6 16. Ne2 Nc5 17. Qc2 Ng4 18. Nd4 Qd7 19. b4 Ne6 20. Bb2 Raf8 21. b5 Nd8 22.
bxc6 bxc6 23. Ne2 Bxb2 24. Qxb2 Qe6 25. Qd4 Ne5 26. Rac1 Ng6 27. Rcd1 Rd7 28.
Qc3 f4 29. Nd4 Qf6 30. exf4 gxf4 31. Qa3 Ne5 32. gxf4 Nxc4 33. Qh3 Rg7 34. Kh1
d5 35. Nxc6 Nxc6 36. Bxd5+ Kh8 37. Bxc6 0-1

[Event "Plettenberg- Ennepe"]
[Site "?"]
[Date "2023.03.12"]
[Round "6.7"]
[White "Nasoyan, Maksim"]
[Black "Rahs, Ratho"]
[Result "1-0"]
[WhiteElo "1874"]
[BlackElo "1385"]
[PlyCount "43"]
[SourceVersionDate "2023.06.22"]

1. Nf3 c5 2. c4 Nf6 3. g3 Nc6 4. Nc3 g6 5. d4 d5 6. dxc5 d4 7. Nb5 e5 8. Bg5
Be7 9. Bxf6 Bxf6 10. Nd6+ Ke7 11. Nd2 Qa5 12. Bg2 Bg5 13. f4 exf4 14. O-O f5
15. Nb3 Qd8 16. Nxd4 fxg3 17. Bxc6 Be3+ 18. Kh1 Bxd4 19. Qxd4 bxc6 20. Qe5+ Be6
21. Qg7+ Bf7 22. Qxf7# 1-0

[Event "Plettenberg- Ennepe"]
[Site "?"]
[Date "2023.03.12"]
[Round "6.8"]
[White "Schmidt, Moritz"]
[Black "Liesendahl, Felix"]
[Result "0-1"]
[WhiteElo "1461"]
[BlackElo "1805"]
[PlyCount "56"]
[SourceVersionDate "2023.06.22"]

1. e4 c5 2. c3 e5 3. Nf3 Nc6 4. d4 cxd4 5. cxd4 exd4 6. Nxd4 Bb4+ 7. Bd2 Bxd2+
8. Qxd2 Nf6 9. Nxc6 dxc6 10. Qxd8+ Kxd8 11. Nc3 Be6 12. Be2 Ke7 13. O-O-O a5
14. a4 Nd7 15. Rd4 Nc5 16. Bc4 Bxc4 17. Rxc4 Nd3+ 18. Kd2 Nxf2 19. Rf1 Ng4 20.
h3 Rhd8+ 21. Ke2 Ne5 22. Rc5 Kd6 23. Rxe5 Kxe5 24. Rxf7 Rg8 25. Rxb7 Rab8 26.
Ra7 Rxb2+ 27. Kf3 Rb3 28. Rxa5+ Kd4 0-1

[Event "Bergneustadt- Solingen 4"]
[Site "?"]
[Date "2023.03.12"]
[Round "6.1"]
[White "Blasek, Ralph"]
[Black "Stuemer, Paul"]
[Result "0-1"]
[WhiteElo "2185"]
[BlackElo "2012"]
[PlyCount "60"]
[SourceVersionDate "2023.06.22"]

1. e4 c5 2. Nc3 Nc6 3. g3 g6 4. Bg2 Bg7 5. Nge2 e5 6. h4 h6 7. d3 d6 8. Nd5 Rb8
9. a4 Nf6 10. Nec3 Be6 11. Nxf6+ Qxf6 12. Be3 a6 13. Qd2 Nd4 14. f4 Bg4 15. Nd5
Qd8 16. O-O exf4 17. Nxf4 g5 18. hxg5 hxg5 19. Nd5 Ne2+ 20. Kf2 Be5 21. Ke1 Rh2
22. Bf3 Bxg3+ 23. Kd1 Bxf3 24. Rxf3 Nf4 25. Bxf4 gxf4 26. Qc3 Rh1+ 27. Ke2 Rxa1
28. Nf6+ Ke7 29. b4 Rh1 30. bxc5 Rc8 0-1

[Event "Bergneustadt- Solingen 4"]
[Site "?"]
[Date "2023.03.12"]
[Round "6.2"]
[White "Michalik, Friedhelm"]
[Black "Fichtner, Ewald"]
[Result "0-1"]
[WhiteElo "2096"]
[BlackElo "2022"]
[PlyCount "72"]
[SourceVersionDate "2023.06.22"]

1. d4 d5 2. Nf3 Nf6 3. e3 Bf5 4. Bd3 Bxd3 5. Qxd3 c6 6. O-O e6 7. b3 Be7 8. c4
O-O 9. Ba3 Nbd7 10. Bxe7 Qxe7 11. Nc3 Rad8 12. Rfd1 e5 13. dxe5 Nxe5 14. Nxe5
Qxe5 15. g3 Rd7 16. cxd5 Nxd5 17. Nxd5 Rxd5 18. Qf1 Rfd8 19. Rxd5 Qxd5 20. Rc1
Qd2 21. a4 g6 22. Qc4 Rd3 23. Rc2 Qe1+ 24. Kg2 Rd1 25. Qf4 Qf1+ 26. Kf3 Rd5 27.
Qb8+ Kg7 28. g4 h5 29. Rc4 Qh1+ 30. Kg3 Qg1+ 31. Kf3 hxg4+ 32. Rxg4 Rf5+ 33.
Rf4 Qd1+ 34. Kg3 Rg5+ 35. Kh3 Qf1+ 36. Kh4 Rh5+ 0-1

[Event "Bergneustadt- Solingen 4"]
[Site "?"]
[Date "2023.03.12"]
[Round "6.3"]
[White "Goerke, Joachim"]
[Black "Wang, Andre"]
[Result "1/2-1/2"]
[WhiteElo "2106"]
[BlackElo "1982"]
[PlyCount "33"]
[SourceVersionDate "2023.06.22"]

1. d4 Nf6 2. Nf3 e6 3. Bf4 d5 4. e3 Bd6 5. Ne5 O-O 6. Bd3 c5 7. c3 Nc6 8. Nd2
Ne7 9. Bg5 Nd7 10. f4 f6 11. Qh5 g6 12. Nxg6 hxg6 13. Bxg6 Nxg6 14. Qxg6+ Kh8
15. Qh5+ Kg8 16. Qg6+ Kh8 17. Qh6+ 1/2-1/2

[Event "Bergneustadt- Solingen 4"]
[Site "?"]
[Date "2023.03.12"]
[Round "6.4"]
[White "Gloeckl, Simon"]
[Black "Waagener, Ulrich"]
[Result "0-1"]
[WhiteElo "1625"]
[BlackElo "2116"]
[Annotator "daniel"]
[PlyCount "120"]
[SourceVersionDate "2023.06.22"]

1. b3 e5 2. Bb2 Nc6 3. c4 Bc5 4. e3 Qe7 5. a3 a5 6. Nc3 Nf6 7. d3 O-O 8. Nf3
Qe6 9. Nb5 Ne8 10. Be2 Bb6 11. d4 e4 12. Nd2 Qg6 13. Qc2 Qxg2 14. Qxe4 Qxe4 15.
Nxe4 f5 16. Ng5 Nd8 17. c5 c6 18. Nd6 Nxd6 19. cxd6 Ne6 20. Bc4 Bd8 21. Rg1 Bf6
22. e4 b5 23. Bxe6+ dxe6 24. e5 Bd8 25. Rc1 h6 26. Nh3 Bb7 27. Nf4 Kf7 28. Nd3
Bb6 29. h4 g6 30. Kd2 Rac8 31. Rg3 Rg8 32. f4 h5 33. Rc2 Bd8 34. Rh3 Bb6 35.
Ke3 Ba8 36. Bc1 Rg7 37. Bd2 Ke8 38. Be1 Bb7 39. Rhh2 Kd7 40. Bxa5 Bxa5 41. Nc5+
Ke8 42. d7+ Rxd7 43. Nxd7 Kxd7 44. b4 Bb6 45. Ra2 Ke7 46. a4 bxa4 47. Rxa4 Rd8
48. Rd2 Rd5 49. Ra1 Kf7 50. Rc1 Bd8 51. Rc5 Rd7 52. Ra2 $11 Bxh4 53. b5 cxb5
54. Rxb5 Bd5 55. Rc2 Bd8 56. Rb8 Bb7 57. Rb2 Be4 58. Ra2 h4 59. Rh2 g5 60. fxg5
Bxg5+ 0-1

[Event "Bergneustadt- Solingen 4"]
[Site "?"]
[Date "2023.03.12"]
[Round "6.5"]
[White "Kushchan, Eduard"]
[Black "Stahlschmidt, Timo"]
[Result "1/2-1/2"]
[WhiteElo "2018"]
[BlackElo "1794"]
[PlyCount "69"]
[SourceVersionDate "2023.06.22"]

1. d4 d5 2. Nf3 Nf6 3. e3 c5 4. dxc5 Qa5+ 5. Nbd2 Qxc5 6. Nb3 Qc7 7. Bd2 e5 8.
Rc1 Be6 9. c4 dxc4 10. Bxc4 Bxc4 11. Na5 b5 12. b3 Nbd7 13. bxc4 Ba3 14. Rc2 b4
15. Nb3 a5 16. Bc1 a4 17. Nbd2 Bxc1 18. Rxc1 Nc5 19. O-O O-O 20. Qc2 Rfb8 21.
Qf5 Nfd7 22. Ng5 Nf6 23. f4 Re8 24. Ngf3 exf4 25. exf4 Rad8 26. Rfe1 Nd3 27.
Rxe8+ Nxe8 28. Rc2 Nxf4 29. c5 Rd5 30. Qe4 Nf6 31. Qxb4 Nd3 32. Qb6 Qe7 33. c6
Rb5 34. Qd4 Rd5 35. Qb6 1/2-1/2

[Event "Bergneustadt- Solingen 4"]
[Site "?"]
[Date "2023.03.12"]
[Round "6.6"]
[White "Chlechowitz, Maximilian"]
[Black "Erkay, Ali- Necip"]
[Result "1-0"]
[WhiteElo "1698"]
[BlackElo "1912"]
[PlyCount "145"]
[SourceVersionDate "2023.06.22"]

1. d4 Nf6 2. Nf3 e6 3. Nbd2 d5 4. e3 c5 5. c3 Nbd7 6. Bd3 Bd6 7. O-O O-O 8. Qe2
e5 9. dxe5 Nxe5 10. Nxe5 Bxe5 11. e4 Qc7 12. g3 Bg4 13. f3 Bh3 14. Rf2 Bxg3 15.
hxg3 Qxg3+ 16. Kh1 Qh4 17. Rh2 Nh5 18. Qf2 Qxf2 19. Rxf2 Nf4 20. Bf1 Bxf1 21.
Nxf1 Nd3 22. Re2 Rfe8 23. Ng3 dxe4 24. fxe4 Re6 25. c4 Rae8 26. Be3 b6 27. Rd1
Ne5 28. b3 g6 29. Bf4 Nc6 30. Rd6 Rxd6 31. Bxd6 f6 32. Bf4 h5 33. Bc1 h4 34.
Nf1 Nd4 35. Re3 Nc2 36. Re2 Nd4 37. Re3 Nc2 38. Rc3 Nb4 39. Ba3 Rxe4 40. Bxb4
cxb4 41. Re3 Rf4 42. Kg2 Kf7 43. Rd3 Re4 44. Ne3 f5 45. Kf2 Rf4+ 46. Kg2 Re4
47. Kf3 Ke6 48. Rd8 Ke7 49. Ra8 Rd4 50. Rxa7+ Kf6 51. Rb7 Kg5 52. Rxb6 Rf4+ 53.
Kg2 Re4 54. Kf2 Rf4+ 55. Kg1 Rd4 56. c5 f4 57. Nf1 h3 58. c6 Rd1 59. Rxb4 h2+
60. Kxh2 Rxf1 61. c7 Rf2+ 62. Kg1 Rf3 63. c8=Q Kh4 64. Qd8+ Kg4 65. Qd7+ Kh4
66. Qe7+ Kg4 67. Qe6+ Kh5 68. Qf6 g5 69. Rb5 Rg3+ 70. Kf2 Kh4 71. Rxg5 Rxg5 72.
Qxf4+ Rg4 73. Qh6# 1-0

[Event "Bergneustadt- Solingen 4"]
[Site "?"]
[Date "2023.03.12"]
[Round "6.7"]
[White "Steinbach, Wolfgang"]
[Black "Sailer, Hans- Peter"]
[Result "1/2-1/2"]
[WhiteElo "1849"]
[BlackElo "1905"]
[PlyCount "162"]
[SourceVersionDate "2023.06.22"]

1. Nf3 Nf6 2. d4 e6 3. e3 d5 4. Bd3 c5 5. b3 Nc6 6. Bb2 cxd4 7. exd4 Nb4 8. Be2
Be7 9. a3 Nc6 10. Nbd2 O-O 11. Bd3 Re8 12. O-O Rb8 13. Ne5 Bd7 14. g4 g6 15.
Qf3 Rf8 16. Nxd7 Qxd7 17. h3 b5 18. b4 Ne8 19. Nb3 Nd6 20. Rfe1 Qd8 21. Bc1 Bg5
22. c3 Bxc1 23. Nxc1 Nc4 24. Bxc4 bxc4 25. Qf4 a5 26. Ne2 Qb6 27. Kg2 Ra8 28.
Ng1 Kg7 29. Nf3 Qb8 30. Qe3 axb4 31. axb4 Qd6 32. Qd2 Rfb8 33. Ra2 Rxa2 34.
Qxa2 Qd8 35. Qa4 Qb6 36. Ra1 h6 37. Qc2 Rb7 38. Ra4 Na7 39. Ng1 Nb5 40. Ne2 Ra7
41. f4 Ra6 42. Rxa6 Qxa6 43. f5 g5 44. Ng3 Qa1 45. fxe6 fxe6 46. Ne2 Qe1 47.
Qb2 Kf6 48. Qc2 Kg7 49. Ng3 Nxc3 50. Nh5+ Kh8 51. Ng3 Kg7 52. Qb2 Nb5 53. Nh5+
Kf7 54. Qc2 Qe4+ 55. Qxe4 dxe4 56. Ng3 c3 57. Ne2 c2 58. Nc1 Nxd4 59. Kf2 Kf6
60. Ke3 Ke5 61. Kd2 Kd5 62. Ke3 e5 63. Na2 Nb5 64. Kd2 Nd4 65. Ke3 Ne6 66. Kd2
Nf4 67. Kxc2 e3 68. Kd1 Kc4 69. Ke1 Kb3 70. b5 Kxa2 71. b6 Nd3+ 72. Ke2 Nc5 73.
Kxe3 Kb3 74. b7 Nxb7 75. Ke4 Kc4 76. Kxe5 Kd3 77. Kf6 Ke4 78. Kg6 Ke5 79. Kxh6
Kf6 80. Kh5 Nd6 81. h4 Nf7 1/2-1/2

[Event "Bergneustadt- Solingen 4"]
[Site "?"]
[Date "2023.03.12"]
[Round "6.8"]
[White "Schinkowski, Thomas"]
[Black "Littek, Oliver"]
[Result "1-0"]
[WhiteElo "1773"]
[BlackElo "1563"]
[PlyCount "73"]
[SourceVersionDate "2023.06.22"]

1. d4 d5 2. Bf4 Nf6 3. e3 Bf5 4. Nf3 e6 5. c4 dxc4 6. Nc3 c6 7. Bxc4 Be7 8. O-O
O-O 9. h3 Nbd7 10. Rc1 Nb6 11. Bd3 Bxd3 12. Qxd3 h6 13. e4 Qd7 14. Ne5 Qd8 15.
Rfd1 Nbd7 16. Nc4 Nb6 17. b3 Nxc4 18. bxc4 Qd7 19. Qe3 Nh7 20. d5 Bg5 21. Rb1
Bxf4 22. Qxf4 cxd5 23. cxd5 Rac8 24. Rb3 b6 25. e5 exd5 26. Nxd5 Qb7 27. h4
Rfd8 28. Rbd3 Re8 29. Qe4 Qb8 30. f4 Nf8 31. Rg3 Nh7 32. Qb4 Rc5 33. Qe4 Rcc8
34. Ne3 Qa8 35. Qb1 Rc6 36. Qb3 Rec8 37. Nf5 1-0

[Event "Bergische SF- Niederkassel"]
[Site "?"]
[Date "2023.03.12"]
[Round "6.1"]
[White "Stanetzek, Carsten"]
[Black "Harringer, Manfred"]
[Result "1/2-1/2"]
[WhiteElo "2160"]
[BlackElo "2022"]
[PlyCount "91"]
[SourceVersionDate "2023.06.22"]

1. e4 e5 2. Nf3 Nc6 3. Bc4 Nf6 4. d3 Bc5 5. O-O d6 6. c3 a6 7. Nbd2 O-O 8. Bb3
Ba7 9. Re1 Re8 10. Nf1 Be6 11. Ng3 Bxb3 12. axb3 Ne7 13. Bg5 Ng4 14. d4 exd4
15. Nxd4 Ne5 16. Ngf5 f6 17. Be3 Bxd4 18. Nxd4 Qd7 19. h3 Rad8 20. Qc2 N5c6 21.
Ne2 Ng6 22. Rad1 Qe6 23. Ng3 d5 24. exd5 Rxd5 25. Rxd5 Qxd5 26. Rd1 Qe6 27. b4
Rd8 28. Rxd8+ Nxd8 29. Qd3 Nc6 30. b5 Nge5 31. Qe4 Nd8 32. bxa6 bxa6 33. Qa8
Nef7 34. b4 Qc6 35. Qxc6 Nxc6 36. Kf1 Nd6 37. Ke2 a5 38. bxa5 Nxa5 39. Bf4 Kf7
40. Kd3 Ke6 41. Ne2 Kd5 42. Bxd6 cxd6 43. h4 g5 44. hxg5 fxg5 45. f4 gxf4 46.
Nxf4+ 1/2-1/2

[Event "Bergische SF- Niederkassel"]
[Site "?"]
[Date "2023.03.12"]
[Round "6.2"]
[White "Bosbach, Stefan"]
[Black "Kneutgen, Alexander"]
[Result "1/2-1/2"]
[WhiteElo "2097"]
[BlackElo "2018"]
[PlyCount "28"]
[SourceVersionDate "2023.06.22"]

1. Nf3 d5 2. g3 g6 3. Bg2 Bg7 4. O-O e5 5. d3 Ne7 6. Nbd2 O-O 7. e4 dxe4 8.
dxe4 Nbc6 9. c3 Qd3 10. Re1 Bg4 11. h3 Bxf3 12. Qxf3 Qxf3 13. Nxf3 Rad8 14. b4
Rd3 1/2-1/2

[Event "Bergische SF- Niederkassel"]
[Site "?"]
[Date "2023.03.12"]
[Round "6.3"]
[White "Kroener, Alexander"]
[Black "Weiser, Hans- Josef"]
[Result "0-1"]
[WhiteElo "1955"]
[BlackElo "2010"]
[PlyCount "100"]
[SourceVersionDate "2023.06.22"]

1. e4 c5 2. Nc3 d6 3. f4 g6 4. Nf3 Bg7 5. Bc4 Nc6 6. O-O Nf6 7. d3 O-O 8. h3 e6
9. Qe1 d5 10. Bb3 b6 11. Qh4 dxe4 12. dxe4 Nd4 13. Be3 Nxf3+ 14. gxf3 Nh5 15.
Qf2 Bxc3 16. bxc3 Ba6 17. c4 Qf6 18. e5 Qf5 19. Qh2 Rfd8 20. Rad1 Bb7 21. Kf2
Kf8 22. Ke2 a5 23. a4 Ba6 24. Rd3 Rxd3 25. cxd3 Rd8 26. Rd1 f6 27. h4 fxe5 28.
fxe5 Bb7 29. f4 Qg4+ 30. Kd2 Qf3 31. Qe2 Qh3 32. Qf2 Ng3 33. Kc3 Nf5 34. Re1
Qxh4 35. Qxh4 Nxh4 36. Rg1 Nf5 37. Bf2 Kf7 38. Bd1 Bc6 39. Bc2 Rd7 40. Rb1 Rb7
41. Rg1 h5 42. d4 cxd4+ 43. Bxd4 h4 44. Bxf5 gxf5 45. Rg5 Bf3 46. Bf2 h3 47.
Bg1 Bg4 48. Bh2 Rd7 49. Kc2 Rd4 50. Kc3 Rd1 0-1

[Event "Bergische SF- Niederkassel"]
[Site "?"]
[Date "2023.03.12"]
[Round "6.4"]
[White "Thelen, Harm- Wulf"]
[Black "Konzen, Horst"]
[Result "0-1"]
[WhiteElo "2028"]
[BlackElo "2007"]
[PlyCount "78"]
[SourceVersionDate "2023.06.22"]

1. c4 e5 2. Nc3 d6 3. g3 g6 4. Bg2 Bg7 5. d3 f5 6. e3 Nf6 7. Nge2 c6 8. O-O O-O
9. Rb1 a5 10. a3 Be6 11. b4 axb4 12. Rxb4 Qc8 13. Na4 Na6 14. Nb6 Qd8 15. Rb1
Rb8 16. Nc3 Nd7 17. Nca4 Nac5 18. Nxd7 Qxd7 19. Nb6 Qf7 20. d4 Ne4 21. d5 cxd5
22. cxd5 Bd7 23. Bxe4 fxe4 24. Nxd7 Qxd7 25. Rb4 Rbc8 26. Rxe4 Rc5 27. Rb4 Rfc8
28. Bb2 Rc2 29. a4 Bh6 30. Qd3 R8c7 31. a5 Qf7 32. Qb3 Qf3 33. Bxe5 Rc1 34. Bb2
Rxf1+ 35. Kxf1 Rf7 36. Rf4 Bxf4 37. gxf4 Rxf4 38. Qc2 Qh1+ 39. Ke2 Rxf2+ 0-1

[Event "Bergische SF- Niederkassel"]
[Site "?"]
[Date "2023.03.12"]
[Round "6.7"]
[White "Neu, Martin"]
[Black "Mueller, Andreas"]
[Result "1-0"]
[WhiteElo "1704"]
[BlackElo "1887"]
[PlyCount "39"]
[SourceVersionDate "2023.06.22"]

1. Nf3 Nf6 2. g3 g6 3. Bg2 d5 4. c4 Bg7 5. O-O O-O 6. cxd5 Nxd5 7. d4 Nb6 8.
Nc3 Nc6 9. e3 Re8 10. a4 a5 11. b3 e5 12. dxe5 Nxe5 13. Nd4 c6 14. Ba3 Bg4 15.
Qc2 Bf8 16. Bxf8 Kxf8 17. h3 Be6 18. Ne4 Qe7 19. Nxe6+ fxe6 20. Qc3 1-0

[Event "Bergische SF- Niederkassel"]
[Site "?"]
[Date "2023.03.12"]
[Round "6.8"]
[White "Gutt, Stefan"]
[Black "Frehen, Werner"]
[Result "1/2-1/2"]
[WhiteElo "1929"]
[BlackElo "1847"]
[PlyCount "36"]
[SourceVersionDate "2023.06.22"]

1. d4 Nf6 2. Nf3 c5 3. e3 cxd4 4. exd4 d5 5. Bd3 e6 6. O-O Bd6 7. Qe2 O-O 8.
Nbd2 Nc6 9. c3 Qc7 10. Re1 Ne7 11. Ne5 Ng6 12. Ndf3 Bd7 13. Nxg6 hxg6 14. Ne5
Bc6 15. f3 Nd7 16. Bd2 Nxe5 17. dxe5 Bc5+ 18. Be3 Bxe3+ 1/2-1/2

[Event "Brühl- Godesberg 2"]
[Site "?"]
[Date "2023.03.12"]
[Round "6.1"]
[White "Wecker, Martin"]
[Black "Loifenfeld, Yakov"]
[Result "0-1"]
[WhiteElo "2137"]
[BlackElo "2387"]
[PlyCount "64"]
[SourceVersionDate "2023.06.22"]

1. d4 Nf6 2. Nf3 g6 3. c4 Bg7 4. g3 c6 5. Bg2 d5 6. Qb3 O-O 7. Nc3 a5 8. cxd5
cxd5 9. O-O Nc6 10. Rd1 Ne4 11. Be3 Nxc3 12. Qxc3 Bg4 13. h3 Bxf3 14. Bxf3 e6
15. Rac1 Qb6 16. Bg2 Rfc8 17. Qd2 a4 18. Rc5 Na5 19. Qc2 Nc4 20. b3 Rxc5 21.
dxc5 Nxe3 22. fxe3 axb3 23. axb3 Qc7 24. e4 Qxg3 25. exd5 Bd4+ 26. Rxd4 Qe3+
27. Kh2 Qxd4 28. Qe4 Qxc5 29. dxe6 Qd6+ 30. Kg1 Qxe6 31. Qxb7 Qe3+ 32. Kh2 Qf4+
0-1

[Event "Brühl- Godesberg 2"]
[Site "?"]
[Date "2023.03.12"]
[Round "6.2"]
[White "Keller, Thomas"]
[Black "Mittmann, Johannes"]
[Result "1/2-1/2"]
[WhiteElo "2234"]
[BlackElo "2095"]
[PlyCount "62"]
[SourceVersionDate "2023.06.22"]

1. e4 e5 2. Nf3 d6 3. d4 exd4 4. Nxd4 Nf6 5. Nc3 Be7 6. Be2 O-O 7. O-O Re8 8.
Re1 Bf8 9. Bf3 Nbd7 10. g3 c6 11. Bg2 a5 12. a4 Ne5 13. h3 Qb6 14. Kh2 d5 15.
exd5 Neg4+ 16. hxg4 Nxg4+ 17. Kg1 Rxe1+ 18. Qxe1 Qxd4 19. dxc6 bxc6 20. Bf4 Qc5
21. Ne4 Qh5 22. c4 Bf5 23. f3 Qh2+ 24. Kf1 Bb4 25. Qe2 Nf6 26. Nxf6+ gxf6 27.
Qe3 Rd8 28. g4 Bd3+ 29. Qxd3 Qxg2+ 30. Kxg2 Rxd3 31. Bh6 Bf8 1/2-1/2

[Event "Brühl- Godesberg 2"]
[Site "?"]
[Date "2023.03.12"]
[Round "6.3"]
[White "Luebsen, Keno"]
[Black "Spilles, Matthias"]
[Result "0-1"]
[WhiteElo "2106"]
[BlackElo "2104"]
[Annotator "daniel"]
[PlyCount "162"]
[SourceVersionDate "2023.06.22"]

1. Nf3 Nf6 2. g3 g6 3. Bg2 Bg7 4. c4 O-O 5. d4 d6 6. O-O c6 7. Nc3 Qa5 8. e4
Qh5 9. Ng5 Qxd1 10. Rxd1 h6 11. Nf3 Bg4 12. h3 Bxf3 13. Bxf3 e5 14. Be3 Nbd7
15. d5 c5 16. a3 Rfc8 17. Be2 Nb6 18. Rac1 h5 19. g4 hxg4 20. hxg4 Bf8 21. g5
Nh7 22. Kh2 Be7 23. Rg1 Kg7 24. Kh3 Rh8 25. Kg4 Raf8 26. Rh1 Nxg5 27. Rxh8 f5+
28. exf5 gxf5+ 29. Kg3 f4+ 30. Kg4 Rxh8 31. Bd2 Nd7 32. Rg1 Rh3 33. Kf5 Kh6 34.
Nb5 Nf8 35. Nxa7 Ng6 36. Nc8 Rh4 37. Nxd6 Rh2 38. Rxg5 Nh4+ 39. Kg4 Rg2+ 40.
Kxh4 Bxg5+ 41. Kh3 Rxf2 42. Nf7+ Kg6 43. Nxe5+ Kf5 44. Bd3+ Kxe5 45. Bc3+ Kd6
46. Kg4 Be7 47. a4 Kc7 48. Ba5+ b6 49. Bc3 Bd6 50. a5 bxa5 51. Bxa5+ Kd7 52.
Bc3 Ke7 53. Be4 Rf1 54. Bf3 Rg1+ 55. Kf5 Rg3 56. Ke4 Rh3 57. Bd2 Kf6 58. Bg4
Rg3 59. Bf3 Kg5 60. Ba5 Rh3 61. Bd8+ Kg6 62. Ba5 Rh2 63. Bc3 Kg5 64. Be5 Bxe5
65. Kxe5 Rh3 66. Ke4 Rh6 67. Ke5 Rh3 68. Ke4 Rh6 $11 69. Ke5 Rh3 70. Be4 f3 71.
d6 f2 72. Bg2 Rd3 73. Ke6 Re3+ 74. Kd5 Kf6 75. Kc6 Rg3 76. d7 Ke7 77. Kc7 Rg8
78. Bh3 Rd8 79. Kc6 Rxd7 80. Kxc5 Rd3 81. Bf1 Rd1 0-1

[Event "Brühl- Godesberg 2"]
[Site "?"]
[Date "2023.03.12"]
[Round "6.4"]
[White "Schaefer, Juergen"]
[Black "Stenzel, Thomas"]
[Result "1/2-1/2"]
[WhiteElo "2147"]
[BlackElo "2168"]
[PlyCount "82"]
[SourceVersionDate "2023.06.22"]

1. e4 e6 2. Nc3 d5 3. d4 Nc6 4. Nf3 Nf6 5. e5 Ne4 6. Bd3 Bb4 7. Bd2 Nxd2 8.
Qxd2 f6 9. a3 Be7 10. exf6 Bxf6 11. Bb5 Qd6 12. O-O-O O-O 13. Bxc6 Qxc6 14.
Rde1 b5 15. Ne5 Qb6 16. g4 Be7 17. g5 a5 18. g6 h6 19. Nf7 Rxf7 20. gxf7+ Kxf7
21. Qe3 Qc6 22. Rhg1 b4 23. Qf3+ Bf6 24. Nb1 Bd7 25. Rg3 Rf8 26. Qh5+ Ke7 27.
Reg1 Qc4 28. Rxg7+ Bxg7 29. Rxg7+ Kd8 30. Qh4+ Kc8 31. Nd2 Qe2 32. Rg1 Rxf2 33.
Qxh6 Rxh2 34. Qf8+ Kb7 35. Rd1 bxa3 36. Qxa3 a4 37. Qb4+ Qb5 38. Qxb5+ Bxb5 39.
Re1 Be2 40. Nb1 Bg4 41. Nc3 Bf5 1/2-1/2

[Event "Brühl- Godesberg 2"]
[Site "?"]
[Date "2023.03.12"]
[Round "6.5"]
[White "Koegler, Christof"]
[Black "Berkle, Pascal"]
[Result "1-0"]
[WhiteElo "1978"]
[BlackElo "1987"]
[PlyCount "29"]
[SourceVersionDate "2023.06.22"]

1. d4 f5 2. c4 Nf6 3. Nc3 e6 4. Qc2 b6 5. e4 fxe4 6. Nxe4 Bb7 7. Bd3 Bb4+ 8.
Ke2 O-O 9. Nf3 d5 10. Nxf6+ Qxf6 11. Bg5 Qf7 12. Bxh7+ Kh8 13. Bg6 Qg8 14. Ne5
dxc4 15. Kf1 1-0

[Event "Brühl- Godesberg 2"]
[Site "?"]
[Date "2023.03.12"]
[Round "6.7"]
[White "Selalmazidis, Arsenis"]
[Black "Haskelman, Evgen"]
[Result "0-1"]
[WhiteElo "2043"]
[BlackElo "2136"]
[PlyCount "82"]
[SourceVersionDate "2023.06.22"]

1. d4 f5 2. g3 Nf6 3. Bg2 e6 4. Bg5 h6 5. Bxf6 Qxf6 6. e4 Be7 7. e5 Qf7 8. Qd2
c6 9. Ne2 O-O 10. h4 d6 11. f4 b6 12. exd6 Bxd6 13. Qe3 Bb7 14. Nd2 Nd7 15. Nc4
Bc7 16. O-O-O Nf6 17. Nc3 Ng4 18. Qe2 Ba6 19. b3 Qe7 20. Rhe1 b5 21. Ne5 Qa3+
22. Kb1 b4 23. Nc4 Bxc4 24. Qxc4 bxc3 25. Qxc3 Ba5 26. Qxc6 Bxe1 27. Rxe1 Rac8
28. Qxe6+ Kh8 29. Bc6 Nf2 30. Qg6 Qb4 31. Re6 Qxd4 32. Qh5 Qd1+ 33. Qxd1 Nxd1
34. Kc1 Nf2 35. Kb2 Ng4 36. Bg2 Rfe8 37. Ra6 Re3 38. Bb7 Rb8 39. Bd5 Nf6 40.
Bc4 Rb7 41. Bd3 Ne4 0-1

[Event "Brühl- Godesberg 2"]
[Site "?"]
[Date "2023.03.12"]
[Round "6.8"]
[White "Peters, Alex"]
[Black "Biedekoepper, Robert"]
[Result "1-0"]
[WhiteElo "2169"]
[BlackElo "1969"]
[PlyCount "59"]
[SourceVersionDate "2023.06.22"]

1. b3 d5 2. Bb2 Nf6 3. e3 c5 4. f4 Nc6 5. Bb5 Qb6 6. Bxc6+ Qxc6 7. Nf3 Bg4 8.
O-O e6 9. d3 O-O-O 10. Nbd2 Bd6 11. Qe1 Bxf3 12. Nxf3 Qc7 13. Ne5 Ne8 14. Qh4
Be7 15. Qh5 Bf6 16. a4 g6 17. Qf3 Bg7 18. a5 f6 19. Ng4 Rd7 20. a6 b6 21. c4
Kb8 22. Rfc1 Qd6 23. d4 h5 24. Nf2 e5 25. dxc5 bxc5 26. cxd5 Qxd5 27. Ne4 Rc7
28. Rd1 Qc6 29. Rd8+ Rc8 30. Nd6 1-0